Genders (Record no. 228)

MARC details
000 -LEADER
fixed length control field 00548 a2200169 4500
000 - LEADER
fixed length control field BKB
001 - CONTROL NUMBER
control field 066019
005 - DATE AND TIME OF LATEST TRANSACTION
control field 20200902145619.0
008 - FIXED-LENGTH DATA ELEMENTS--GENERAL INFORMATION
fixed length control field
082 ## - DEWEY DECIMAL CLASSIFICATION NUMBER
Classification number 791.43616
Item number G51G
100 1# - MAIN ENTRY--PERSONAL NAME
Personal name Glover, David
245 1# - TITLE STATEMENT
Title Genders
Statement of responsibility, etc by David Glover and Cora Kalplan
260 ## - PUBLICATION, DISTRIBUTION, ETC. (IMPRINT)
Place of publication, distribution, etc London
Name of publisher, distributor, etc Routledge
Date of publication, distribution, etc 2007
300 ## - PHYSICAL DESCRIPTION
Extent 177p.
690 ## - LOCAL SUBJECT ADDED ENTRY--TOPICAL TERM (OCLC, RLIN)
Topical term or geographic name as entry element Sex role; Sociology; Sex; Criticism; Feminism; Sex role in literature; Gender identity in literature; Sex differences (Psychology)
700 ## - ADDED ENTRY--PERSONAL NAME
Personal name Kalplan, Cora
Numeration
Titles and other words associated with a name
Holdings
Withdrawn status Lost status Source of classification or shelving scheme Damaged status Not for loan Collection code Home library Current library Department Date acquired Source of acquisition Coded location qualifier Cost, normal purchase price Inventory number(Invoice/Date) Full call number Barcode Date last seen Price effective from Koha item type Public note
    Dewey Decimal Classification     General Text Book Central University Of Rajasthan Central University Of Rajasthan English 07/03/2012 ENG Rawat Jaip 240.00 1002/15-03-2010 791.43616 G51G 305 21/11/2024 02/09/2020 Books Routledge, London